| 000 | 00577nam a22001697a 4500 | ||
|---|---|---|---|
| 005 | 20251108172718.0 | ||
| 008 | 250721s2003 xx 000 0 ara d | ||
| 082 | 1 | 4 | _a214.5/عبد |
| 100 | 1 |
_aعبد المنان، عكاشة _eمؤلف |
|
| 245 | 1 | 0 | _aأشراط الساعة الصغرى - الوسطى الكبرى / |
| 264 | 1 |
_aالزرقاء : _bمكتبة الإمام علي للنشر والتوزيع، _c2003. |
|
| 300 | _a120ص | ||
| 650 | 1 | 7 | _aالإيمان باليوم الآخر |
| 650 | 1 | 7 | _aالحياة الآخرة |
| 942 |
_2ddc _cBK |
||
| 999 |
_c86577 _d86577 |
||